International courts and domestic politics

Bibliographic Details
Other Authors: Wind, Marlene, 1963- (Editor)
Format: Book
Language:English
PhysicalDescription:357 strán grafy 23 cm
Published: Cambridge New York Melbourne New Delhi Singapore Cambridge University Press 2020
ISBN:9781108448130
Edition:First paperback edition
Subjects:

MARC

LEADER 00000cam a2200000 4500
001 vtls012073825
003 SK-MaSNL
005 20260301104307.0
008 211018s2020 xxka frni 000 0 eng
015 |a SNBZSA2022/10 
020 |a 9781108448130  |q (brožované) 
040 |a SNK  |b slo  |c SNK  |e rda 
041 0 |a eng 
044 |a xxk  |c GB  |a xxu  |c US  |a at  |c AU  |a ii  |c IN  |a si  |c SG 
072 7 |a 341  |x Medzinárodné právo  |2 konspekt 
080 |a 341  |2 2011 
080 |a 347.99  |2 2011 
080 |a 341.645  |2 2011 
080 |a (048.8)  |2 2011 
245 0 0 |a International courts and domestic politics  |c edited by Marlene Wind 
250 |a First paperback edition 
264 1 |a Cambridge  |a New York  |a Melbourne  |a New Delhi  |a Singapore  |b Cambridge University Press  |c 2020 
300 |a 357 strán  |b grafy  |c 23 cm 
336 |a text  |b txt  |2 rdacontent 
337 |a bez média  |b n  |2 rdamedia 
338 |a zväzok  |b nc  |2 rdacarrier 
500 |a Obsahuje poznámky pod čiarou 
504 |a Obsahuje bibliografie za kapitolami, register 
650 0 7 |a medzinárodné právo  |2 SNKPH  |9 980 
650 0 7 |a International law  |2 SNKPHeng  |9 270447 
650 0 7 |a súdy  |2 SNKPH  |9 4646 
650 0 7 |a Courts  |2 SNKPHeng  |9 286074 
650 0 7 |a medzinárodné súdy  |2 SNKPH  |9 2663 
650 0 7 |a Iternational courts  |2 SNKPHeng  |9 357033 
655 7 |a štúdie  |2 SNKPH  |9 57033 
655 7 |a Studies  |2 SNKPHeng  |9 265573 
700 1 |a Wind, Marlene,  |d 1963-  |4 edt  |9 357035 
919 |a 978-1-108-44813-0 
954 |a odborná, vedecká literatúra cudzojazyčná (svetová)  |2 lita 
958 |a ZS 
958 |a NB 
999 |c 697749  |d 699679 
952 |a SNK  |b SNK  |y PREZ  |7 0  |p 17A1481005  |o snkSC 196781  |i snk2022/4628  |8 4  |g 28.96  |0 0  |1 0  |4 0  |d 2021-10-18  |f 1  |l 0  |r 2025-10-16 00:00:00  |w 2026-02-23